000 00474nam a2200169Ia 4500
001 27095
003 IN-NITTTR
005 20251114233339.0
008 251113s9999||||xx |||||||||||||| ||eng||
040 _beng
040 _cIN-NITTTR
041 _aeng
082 _a004.64 K149U
100 _aKartalopoulos, Stamatios V.
245 0 _aUnderstanding SONET/SDH and ATM :
_b communications networks for the next millennium. /
_cKartalopoulos, Stamatios V.
942 _2ddc
_cBK
999 _c29723
_d29723